Giáo trình bồi dưỡng kỹ sư tư vấn giám sát chất lượng công trình xây dựng

Wedi'i Gadw mewn:
Manylion Llyfryddiaeth
Awdur Corfforaethol: Bộ Xây dựng Việt Nam
Fformat: Llyfr
Iaith:Undetermined
Cyhoeddwyd: Thành phố Hồ Chí Minh Bộ Xây dựng 2004
Pynciau:
Tagiau: Ychwanegu Tag
Dim Tagiau, Byddwch y cyntaf i dagio'r cofnod hwn!
Thư viện lưu trữ: Trung tâm Học liệu Trường Đại học Cần Thơ
LEADER 00661nam a2200181Ia 4500
001 CTU_158184
008 210402s9999 xx 000 0 und d
082 |a 692.5 
082 |b B450 
110 |a Bộ Xây dựng Việt Nam 
245 0 |a Giáo trình bồi dưỡng kỹ sư tư vấn giám sát chất lượng công trình xây dựng 
245 0 |c Bộ Xây dựng 
260 |a Thành phố Hồ Chí Minh 
260 |b Bộ Xây dựng 
260 |c 2004 
650 |a Building inspection,Kiểm tra xây dựng 
904 |i Trọng Hiếu 
980 |a Trung tâm Học liệu Trường Đại học Cần Thơ